| 000 | 00388nam a2200157Ia 4500 | ||
|---|---|---|---|
| 008 | 230917s9999||||xx |||||||||||||| ||und|| | ||
| 040 |
_e80710 _aMAIN |
||
| 041 | _aEnglish | ||
| 082 | _a346.03 S92L | ||
| 100 | _aShukla, M N | ||
| 245 | 0 | _alaw of torts: English and Indian | |
| 250 | _a14th ed. | ||
| 260 |
_aAllahabad _bCentral Law Agency _c1993 |
||
| 300 | _axi, 333 p. | ||
| 942 | _cBK | ||
| 999 |
_c71263 _d71263 |
||